Movies Quiz

Random Movies or Oscar Quiz
Score 0/102 Timer 08:00
4 Plays Today
Category Answer % Correct
Best PictureArgo
89.9%
Adapted ScreenplayArgo
89.9%
Best EditingArgo
89.9%
Best Sound MixingArgo
89.9%
Best Sound Editing*Argo
89.9%
Best Original ScoreArgo
89.9%
Best PictureLincoln
86.6%
Adapted ScreenplayLincoln
86.6%
Best EditingLincoln
86.6%
Best Prod. DesignLincoln
86.6%
Best Costume DesignLincoln
86.6%
Best CinematographyLincoln
86.6%
Best Sound MixingLincoln
86.6%
Best Original ScoreLincoln
86.6%
Best PictureSilver Linings Playbook
84%
Adapted ScreenplaySilver Linings Playbook
84%
Best EditingSilver Linings Playbook
84%
Best ActorDaniel Day-Lewis - Lincoln
83.8%
Best ActressJennifer Lawrence - Silver Linings Playbook
83%
Best PictureLes Misérables
79.7%
Best Prod. DesignLes Misérables
79.7%
Best Costume DesignLes Misérables
79.6%
Best Makeup/HairstylingLes Misérables
79.6%
Best Sound MixingLes Misérables
79.6%
Best Original Song'Suddenly' - Les Misérables
79.4%
Best ActorBradley Cooper - Silver Linings Playbook
77.9%
Best Supporting ActressAnne Hathaway - Les Misérables
77.3%
Best PictureLife of Pi
76.2%
Adapted ScreenplayLife of Pi
76.2%
Best EditingLife of Pi
76.2%
Best Prod. DesignLife of Pi
76.2%
Best CinematographyLife of Pi
76.2%
Best Sound MixingLife of Pi
76.2%
Best Sound Editing*Life of Pi
76.2%
Category Answer % Correct
Best Visual EffectsLife of Pi
76.2%
Best Original ScoreLife of Pi
76.2%
Best Original Song'Pi's Lullaby' - Life of Pi
76.2%
Best PictureDjango Unchained
74.4%
Original ScreenplayDjango Unchained
74.4%
Best CinematographyDjango Unchained
74.4%
Best Sound Editing*Django Unchained
74.4%
Best PictureZero Dark Thirty
71.4%
Original ScreenplayZero Dark Thirty
71.4%
Best EditingZero Dark Thirty
71.4%
Best Sound Editing*Zero Dark Thirty
71.4%
Best DirectorSteven Spielberg - Lincoln
70.7%
Best ActorHugh Jackman - Les Misérables
70%
Best PictureAmour
69.9%
Original ScreenplayAmour
69.9%
Best Foreign FeatureAmour - Austria
69.9%
Best Supporting ActorRobert De Niro - Silver Linings Playbook
68.7%
Best DirectorAng Lee - Life of Pi
64.5%
Best Supporting ActorChristoph Waltz - Django Unchained
64.4%
Best Supporting ActressSally Field - Lincoln
64.2%
Best PictureBeasts of the Southern Wild
61.9%
Adapted ScreenplayBeasts of the Southern Wild
61.9%
Best ActressJessica Chastain - Zero Dark Thirty
61%
Best Supporting ActorTommy Lee Jones - Lincoln
60.5%
Best Animated FeatureBrave
57.6%
Best CinematographySkyfall
57.4%
Best Sound MixingSkyfall
57.4%
Best Sound Editing*Skyfall
57.4%
Best Original ScoreSkyfall
57.4%
Best Original Song'Skyfall' - Skyfall
57.4%
Best Supporting ActorAlan Arkin - Argo
51.8%
Best DirectorDavid O. Russell - Silver Linings Playbook
49.8%
Best Supporting ActressAmy Adams - The Master
48.9%
Best Supporting ActorPhilip Seymour Hoffman - The Master
48.6%
Category Answer % Correct
Best ActorJoaquin Phoenix - The Master
48.1%
Best Animated FeatureWreck-It Ralph
46.8%
Best ActressQuvenzhané Wallis - Beasts of the Southern Wild
46.2%
Best ActorDenzel Washington - Flight
45.4%
Best Supporting ActressJacki Weaver - Silver Linings Playbook
45.4%
Best ActressEmmanuelle Riva - Amour
44.3%
Best Prod. DesignThe Hobbit: An Unexpected Journey
41.7%
Best Makeup/HairstylingThe Hobbit: An Unexpected Journey
41.7%
Best Visual EffectsThe Hobbit: An Unexpected Journey
41.7%
Best Visual EffectsThe Avengers
39.3%
Best ActressNaomi Watts - The Impossible
38.5%
Best Prod. DesignAnna Karenina
38.3%
Best Costume DesignAnna Karenina
38.3%
Best CinematographyAnna Karenina
38.3%
Best Original ScoreAnna Karenina
38.3%
Original ScreenplayFlight
37.6%
Best DirectorMichael Haneke - Amour
35.8%
Best Supporting ActressHelen Hunt - The Sessions
34.7%
Best Animated FeatureFrankenweenie
34.3%
Best DirectorBenh Zeitlin - Beasts of the Southern Wild
30.1%
Best Animated FeatureParaNorman
28.8%
Original ScreenplayMoonrise Kingdom
27.9%
Best Original Song'Everybody Needs a Best Friend' - Ted
24.7%
Best Costume DesignSnow White and the Huntsman
22.6%
Best Visual EffectsSnow White and the Huntsman
22.6%
Best Animated FeatureThe Pirates! Band of Misfits
22.2%
Best Foreign FeatureNo - Chile
21.8%
Best Visual EffectsPrometheus
19.3%
Best Costume DesignMirror Mirror
18.9%
Best Makeup/HairstylingHitchcock
18.1%
Best Foreign FeatureKon-Tiki - Norway
16.5%
Best Foreign FeatureA Royal Affair - Denmark
15.1%
Best Original Song'Before My Time' - Chasing Ice
14.8%
Best Foreign FeatureWar Witch - Canada
14%

You're not logged in!

Compare scores with friends on all Sporcle quizzes.
OR
Log In

Sporcle TV

Today on Sporcle TV


Watch our educational content, quiz creation guides, and fun videos on Sporcle TV.

Show Comments

Extras

Top Quizzes Today


Score Distribution

Paid Content

Your Account Isn't Verified!

In order to create a playlist on Sporcle, you need to verify the email address you used during registration. Go to your Sporcle Settings to finish the process.

Report this User

Report this user for behavior that violates our Community Guidelines.

Details: